000 00270nam a22001217a 4500
082 _a823
_bANI/V
100 _aANILKUMAR, K
245 _aVIKRAM BETAL STORIES
260 _aDELHI
_bMANOJ PUBLICATIONS
_c2004
300 _a148
650 _aENGLISH STORY
_zINDIA
942 _cBK
999 _c7406
_d7406